[Event "Int. Stuttgarter Stadtmeisterschaft B"]
[Site "Ditzingen"]
[Date "2012.05.18"]
[Round "3.20"]
[White "Helfrich, Leo"]
[Black "Lebeda, Lukas"]
[Result "1-0"]
[WhiteElo "1871"]
[BlackElo "1672"]
[PlyCount "145"]
[EventDate "2012.??.??"]
[WhiteTeam "SC Pforzheim 1906"]
[BlackTeam "VFB Reichenbach"]

1. d4 d5 2. Nf3 Nf6 3. Bf4 e6 4. e3 c5 5. c3 Nc6 6. Nbd2 cxd4 7. exd4 Be7 8. h3
O-O 9. Bd3 b6 10. O-O Bb7 11. Re1 Re8 12. g4 Bd6 13. Ne5 Qc7 14. Ndf3 Nd7 15.
Qc2 Nf8 16. Bb5 Nd7 17. Ng5 Nf8 18. Ngxf7 Nxd4 19. Qd3 Nxb5 20. Qxb5 a6 21. Qd3
Bxe5 22. Nxe5 Nd7 23. Qd4 Nxe5 24. Rxe5 Qc5 25. Be3 Qxd4 26. Bxd4 b5 27. Rae1
Kf7 28. f4 g6 29. Kf2 Bc6 30. Kg3 Bd7 31. Kh4 h6 32. Rf1 Kg8 33. Kg3 Rf8 34. h4
Rf7 35. Rh1 Kh7 36. h5 Rg8 37. Be3 Rfg7 38. g5 gxh5 39. Rxh5 Rg6 40. Kf3 Rh8
41. Ke2 Kg8 42. f5 exf5 43. Rxd5 Rh7 44. Kd3 Bc6 45. Rd8+ Kf7 46. Rxh6 Rgxh6
47. gxh6 a5 48. Rd6 Be8 49. Kd4 Kf8 50. Kc5 a4 51. Bd4 Ke7 52. Bg7 Bd7 53. Rd4
Ke6 54. b3 axb3 55. axb3 Be8 56. c4 bxc4 57. bxc4 Kf7 58. Rd8 Ba4 59. Ra8 Bc2
60. Kd4 Rxg7 61. Ra7+ Kg6 62. hxg7 Kh7 63. Ke5 f4 64. Kxf4 Bb3 65. c5 Bd5 66.
Ke5 Bg2 67. Kf6 Bf3 68. Ra4 Kh6 69. Rh4+ Bh5 70. g8=N+ Kh7 71. Rxh5+ Kxg8 72.
c6 Kf8 73. Rh8# 1-0

[Event "Int. Stuttgarter Stadtmeisterschaft B"]
[Site "Ditzingen"]
[Date "2012.05.18"]
[Round "3.21"]
[White "Muench, Werner"]
[Black "Stoll, Katja"]
[Result "1/2-1/2"]
[WhiteElo "1862"]
[BlackElo "1645"]
[PlyCount "56"]
[EventDate "2012.??.??"]
[WhiteTeam "SC Widdern"]
[BlackTeam "SC Weisse Dame Ulm e.V."]

1. d4 d5 2. c4 c6 3. Nf3 e6 4. g3 Bd6 5. Bg2 Nf6 6. O-O O-O 7. b3 Nbd7 8. Bb2
Re8 9. Nbd2 c5 10. cxd5 Nxd5 11. e4 Nb4 12. Nc4 Be7 13. a3 Nc6 14. d5 exd5 15.
exd5 Na5 16. Bc3 Nxc4 17. bxc4 Bf6 18. Qd3 Nb6 19. Rae1 Bf5 20. Rxe8+ Qxe8 21.
Qxf5 Bxc3 22. Qd3 Bf6 23. Re1 Qa4 24. Nd2 Re8 25. Rxe8+ Qxe8 26. Ne4 Bd4 27.
Bf1 Qd7 28. Qf3 f6 1/2-1/2

[Event "Int. Stuttgarter Stadtmeisterschaft B"]
[Site "Ditzingen"]
[Date "2012.05.18"]
[Round "3.22"]
[White "Debeljak, Anton"]
[Black "Pocrnic, Josip"]
[Result "1/2-1/2"]
[WhiteElo "1650"]
[BlackElo "1855"]
[PlyCount "97"]
[EventDate "2012.??.??"]
[BlackTeam "SF 1954 Conweiler e.V."]

1. e4 e6 2. Nc3 d5 3. exd5 exd5 4. d4 c6 5. Bd3 Bd6 6. Be3 Nf6 7. h3 Qc7 8. Nf3
h6 9. Qd2 Be6 10. a3 Nbd7 11. Ne2 Ne4 12. Bxe4 dxe4 13. Nfg1 Nb6 14. Nc3 Nc4
15. Qc1 f5 16. Nge2 g5 17. b3 Nxe3 18. Qxe3 Bf4 19. Nxf4 gxf4 20. Qd2 O-O-O 21.
Ne2 f3 22. gxf3 exf3 23. Nf4 Rhe8 24. O-O-O Qd6 25. Nxe6 Qxa3+ 26. Kb1 Rxe6 27.
Rhe1 Rxe1 28. Qxe1 Rd5 29. Qc3 Ra5 30. Rd3 Rd5 31. Rxf3 Qd6 32. Rd3 b6 33. Kb2
Kb7 34. Qd2 c5 35. dxc5 Rxd3 36. Qxd3 Qxd3 37. cxd3 bxc5 38. Kc3 Kc6 39. Kc4 a6
40. d4 cxd4 41. Kxd4 Kb5 42. Ke5 Kb4 43. Kxf5 Kxb3 44. f4 a5 45. Kg6 a4 46. f5
a3 47. f6 a2 48. f7 a1=Q 49. f8=Q 1/2-1/2

[Event "Int. Stuttgarter Stadtmeisterschaft B"]
[Site "Ditzingen"]
[Date "2012.05.18"]
[Round "3.23"]
[White "Piskaykin, Bogdan"]
[Black "Pudmensky, Stefan"]
[Result "0-1"]
[WhiteElo "1560"]
[BlackElo "1853"]
[PlyCount "76"]
[EventDate "2012.??.??"]
[WhiteTeam "SV Friedrichshafen"]
[BlackTeam "SF Oeffingen e.V."]

1. e4 c5 2. Nf3 d6 3. d4 cxd4 4. Nxd4 Nf6 5. Nc3 a6 6. f3 e5 7. Nb3 Be6 8. Be3
b5 9. Qd2 Nbd7 10. O-O-O Be7 11. g4 h6 12. Kb1 Nb6 13. Qf2 Nfd7 14. Na5 b4 15.
Nc6 Qc7 16. Nxb4 a5 17. Nbd5 Bxd5 18. Nxd5 Nxd5 19. exd5 Rb8 20. a4 O-O 21. h4
Qb7 22. Bb5 f5 23. g5 f4 24. Bd2 hxg5 25. hxg5 Bxg5 26. Qh2 Bf6 27. Qh7+ Kf7
28. Qh5+ Ke7 29. Rhe1 Nc5 30. b4 axb4 31. Qg4 Qc8 32. Qxc8 Rfxc8 33. Bxb4 Nxa4
34. Bxa4 Rxb4+ 35. Bb3 Ra8 36. Kc1 e4 37. Rxe4+ Rxe4 38. fxe4 Bc3 0-1

[Event "Int. Stuttgarter Stadtmeisterschaft B"]
[Site "Ditzingen"]
[Date "2012.05.18"]
[Round "3.24"]
[White "Baumeister, Jürgen"]
[Black "Graf, Maximilian"]
[Result "1-0"]
[WhiteElo "1850"]
[BlackElo "1629"]
[PlyCount "91"]
[EventDate "2012.??.??"]
[WhiteTeam "SC Asperg"]
[BlackTeam "SK e4 Gerlingen"]

1. e4 e5 2. Ne2 Nc6 3. d4 exd4 4. Nxd4 Nf6 5. Nxc6 bxc6 6. e5 Qe7 7. Qe2 Nd5 8.
c4 Nb6 9. b3 d5 10. Ba3 Qh4 11. Qe3 dxc4 12. Bxf8 Rxf8 13. g3 Qg4 14. Be2 Qe6
15. O-O Bb7 16. f4 f5 17. Na3 Nd5 18. Qc5 c3 19. Nc4 Qe7 20. Qf2 Kf7 21. Na5
Rfb8 22. Bc4 Qb4 23. Nxb7 Rxb7 24. Qe2 Ke6 25. Qh5 Rh8 26. Qg5 Qe7 27. Qh5 g6
28. Qf3 Qc5+ 29. Kg2 Ke7 30. Rfe1 Qa3 31. Bxd5 Qb2+ 32. Kh3 cxd5 33. Qxd5 Rbb8
34. Qc5+ Ke6 35. Qc6+ Ke7 36. Qxc7+ Ke6 37. Qd6+ Kf7 38. Qf6+ Kg8 39. Rad1 Rf8
40. Rd8 Rxd8 41. Qxd8+ Kg7 42. Qf6+ Kh6 43. Qg5+ Kg7 44. Rd1 Rf8 45. Rd7+ Kg8
46. Qe7 1-0

[Event "Int. Stuttgarter Stadtmeisterschaft B"]
[Site "Ditzingen"]
[Date "2012.05.18"]
[Round "3.25"]
[White "Michna, Marcus"]
[Black "Krebs, Thomas"]
[Result "1-0"]
[WhiteElo "1843"]
[BlackElo "1626"]
[PlyCount "47"]
[EventDate "2012.??.??"]
[WhiteTeam "TSF Ditzingen"]
[BlackTeam "SK e4 Gerlingen"]

1. d4 e6 2. e4 d5 3. Nd2 c5 4. e5 Qb6 5. Nb3 c4 6. Nd2 Qxd4 7. Ngf3 Qb6 8. Be2
Nc6 9. O-O Qc7 10. Re1 Nge7 11. Nf1 Ng6 12. Ng3 Bb4 13. c3 Bc5 14. Nh5 O-O 15.
Qd2 Qe7 16. Nxg7 f6 17. exf6 Qxf6 18. Nh5 Bxf2+ 19. Kh1 Qf5 20. Qh6 Qf7 21. Rf1
Bc5 22. Bd2 Qd7 23. Nh4 Rxf1+ 24. Rxf1 1-0

[Event "Int. Stuttgarter Stadtmeisterschaft B"]
[Site "Ditzingen"]
[Date "2012.05.18"]
[Round "3.26"]
[White "Cummings, Orlyn"]
[Black "Rühl, Volker"]
[Result "1/2-1/2"]
[WhiteElo "1598"]
[BlackElo "1842"]
[PlyCount "27"]
[EventDate "2012.??.??"]
[WhiteTeam "SC Ingersheim e.V."]
[BlackTeam "VfL Sindelfingen"]

1. e4 c5 2. Nf3 a6 3. d4 cxd4 4. Nxd4 e5 5. Nb3 Nf6 6. Nc3 Bb4 7. Bd2 O-O 8.
Bc4 Nc6 9. Qe2 b5 10. Bd5 Nxd5 11. Nxd5 Bxd2+ 12. Qxd2 Ne7 13. O-O Rb8 14. Rfd1
1/2-1/2

[Event "Int. Stuttgarter Stadtmeisterschaft B"]
[Site "Ditzingen"]
[Date "2012.05.18"]
[Round "3.27"]
[White "Grotheer, Olaf"]
[Black "Weis, Olga"]
[Result "1/2-1/2"]
[WhiteElo "1815"]
[BlackElo "1583"]
[PlyCount "43"]
[EventDate "2012.??.??"]
[WhiteTeam "SG Fasanenhof"]
[BlackTeam "OSG Baden-Baden"]

1. d4 d5 2. c4 c6 3. Nf3 Nf6 4. e3 Bg4 5. Nc3 e6 6. cxd5 cxd5 7. Be2 Nc6 8. Qb3
Qc7 9. O-O Be7 10. Bd2 O-O 11. Rfc1 Ne4 12. Be1 Rac8 13. Qd1 Qd7 14. Nd2 Bxe2
15. Qxe2 f5 16. f3 Nd6 17. Nb5 a6 18. Nxd6 Bxd6 19. f4 Rc7 20. Nb3 Re8 21. Qd1
b6 22. Rc2 1/2-1/2

[Event "Int. Stuttgarter Stadtmeisterschaft B"]
[Site "Ditzingen"]
[Date "2012.05.18"]
[Round "3.28"]
[White "Schreiber, Winfried"]
[Black "Strauss, Martin"]
[Result "1-0"]
[WhiteElo "1628"]
[BlackElo "1811"]
[PlyCount "73"]
[EventDate "2012.??.??"]
[BlackTeam "SC Sillenbuch"]

1. c4 Nf6 2. Nc3 d5 3. cxd5 Nxd5 4. Nf3 g6 5. Qa4+ Nc6 6. Ne5 Nxc3 7. bxc3 Qd6
8. d4 Bd7 9. Nxd7 Qxd7 10. e4 Bg7 11. Bb5 O-O 12. O-O a6 13. Bxc6 Qxc6 14. Qxc6
bxc6 15. Ba3 Rfb8 16. Rab1 e6 17. e5 Bf8 18. Bxf8 Kxf8 19. Rb3 Rb6 20. Rfb1
Rab8 21. c4 a5 22. Kf1 Ke7 23. f4 a4 24. Rxb6 Rxb6 25. Rxb6 cxb6 26. Ke2 b5 27.
Kd3 Kd7 28. Kc3 Kc7 29. Kb4 Kb6 30. g4 Ka6 31. cxb5+ cxb5 32. d5 exd5 33. f5 d4
34. e6 d3 35. Kc3 b4+ 36. Kxd3 b3 37. a3 1-0

[Event "Int. Stuttgarter Stadtmeisterschaft B"]
[Site "Ditzingen"]
[Date "2012.05.18"]
[Round "3.29"]
[White "Ruff, Robert"]
[Black "Steinmassl, Guido"]
[Result "0-1"]
[WhiteElo "1799"]
[BlackElo "1567"]
[PlyCount "80"]
[EventDate "2012.??.??"]
[WhiteTeam "SC Gross-Sachsenheim"]
[BlackTeam "SK e4 Gerlingen"]

1. d4 Nf6 2. c4 g6 3. Nc3 Bg7 4. e4 d6 5. f3 O-O 6. Be3 Nbd7 7. Qd2 c5 8. d5
Ne5 9. O-O-O Rb8 10. g4 Nfxg4 11. fxg4 Bxg4 12. Be2 Bxe2 13. Qxe2 Qd7 14. h3 a6
15. Nf3 b5 16. Nxe5 Bxe5 17. Qd3 bxc4 18. Qxc4 Rb4 19. Qxa6 Rfb8 20. Qa3 Bxc3
21. Qxc3 Rxe4 22. Bh6 f6 23. h4 Qa4 24. Kb1 Rc4 25. Qd2 Ra8 26. b3 Rb4 27. Qb2
Qb5 28. Rhe1 Ra7 29. Re3 Kf7 30. Rde1 Rxh4 31. Bg7 Rd4 32. Qh2 Qa5 33. Bh6 Rxd5
34. Qe2 e5 35. Rf3 Rd4 36. Bg5 f5 37. Qh2 Qxe1+ 38. Kb2 Ke6 39. Be3 Rd3 40. Qg1
Qxg1 0-1

[Event "Int. Stuttgarter Stadtmeisterschaft B"]
[Site "Ditzingen"]
[Date "2012.05.18"]
[Round "3.30"]
[White "Tölg, Wolfgang"]
[Black "Bausch, Raimund"]
[Result "1/2-1/2"]
[WhiteElo "1776"]
[BlackElo "1559"]
[PlyCount "50"]
[EventDate "2012.??.??"]
[WhiteTeam "SF Oeffingen e.V."]
[BlackTeam "Stuttgarter SF 1879"]

1. e4 c6 2. d4 d5 3. e5 Bf5 4. Bd3 Bxd3 5. Qxd3 e6 6. f4 Qa5+ 7. Bd2 Qa6 8.
Qxa6 Nxa6 9. Nf3 Nh6 10. O-O c5 11. c3 cxd4 12. cxd4 Bb4 13. a3 Bxd2 14. Nbxd2
Rc8 15. Rac1 O-O 16. Nb1 Nf5 17. Kf2 Nb8 18. g4 Ne7 19. Nc3 Rc6 20. Ke3 Rfc8
21. Nh4 Nd7 22. f5 Nb6 23. Rf2 Nc4+ 24. Kd3 g5 25. fxg6 Nxg6 1/2-1/2

[Event "Int. Stuttgarter Stadtmeisterschaft B"]
[Site "Ditzingen"]
[Date "2012.05.18"]
[Round "3.31"]
[White "Beutler, Kevin"]
[Black "Wohlfahrt, Michael"]
[Result "0-1"]
[WhiteElo "1585"]
[BlackElo "1767"]
[PlyCount "58"]
[EventDate "2012.??.??"]
[WhiteTeam "SF Simmersfeld"]
[BlackTeam "TSF Welzheim"]

1. e4 c5 2. Nf3 Nc6 3. d4 cxd4 4. Nxd4 Nf6 5. Nc3 e5 6. Nf3 Bb4 7. Bd2 Bxc3 8.
Bxc3 Nxe4 9. Bxe5 Nxe5 10. Nxe5 Qa5+ 11. c3 Qxe5 12. Qe2 d6 13. Rd1 O-O 14. Rd3
Nf6 15. Re3 Qa5 16. a3 Bg4 17. Qd3 Qb6 18. Qd2 Rfe8 19. Bd3 Rxe3+ 20. fxe3 Re8
21. Kf2 d5 22. Re1 Ne4+ 23. Bxe4 dxe4 24. h3 Rd8 25. Qc2 Bf5 26. b4 Rd3 27. Qa4
Bd7 28. b5 Rd2+ 29. Kg1 Qg6 0-1

[Event "Int. Stuttgarter Stadtmeisterschaft B"]
[Site "Ditzingen"]
[Date "2012.05.18"]
[Round "3.32"]
[White "Hornung, Richard"]
[Black "Dallinger, Moritz"]
[Result "1/2-1/2"]
[WhiteElo "1738"]
[BlackElo "1547"]
[PlyCount "101"]
[EventDate "2012.??.??"]
[WhiteTeam "SG Schwabing München Nord e.V."]
[BlackTeam "SV Stuttgart-Wolfbusch 1956 e.V."]

1. Nf3 c5 2. e3 e6 3. d4 cxd4 4. exd4 a6 5. Be2 Nf6 6. O-O Be7 7. c3 b5 8. a4
bxa4 9. Qxa4 O-O 10. Ne5 d6 11. Nc6 Nxc6 12. Qxc6 Bd7 13. Qb7 Qc8 14. Bf3 d5
15. Qxc8 Rfxc8 16. Be2 Bb5 17. Bxb5 axb5 18. Rxa8 Rxa8 19. Nd2 b4 20. c4 dxc4
21. Nxc4 Nd5 22. b3 Bf6 23. Bb2 h6 24. Ra1 Rxa1+ 25. Bxa1 Nc3 26. Ne5 Bxe5 27.
dxe5 Ne4 28. Bd4 Nd2 29. Bc5 Nxb3 30. Bxb4 f6 31. exf6 gxf6 32. Kf1 Kf7 33. Ke2
Nd4+ 34. Kd3 Nc6 35. Bc3 Ne7 36. Ke4 Kg6 37. Bb4 Nd5 38. Bd2 h5 39. Kd4 Kf5 40.
f3 Nf4 41. Bxf4 Kxf4 42. Kd3 h4 43. Ke2 f5 44. Kf2 e5 45. g3+ hxg3+ 46. hxg3+
Kg5 47. Ke3 Kf6 48. g4 fxg4 49. fxg4 Kg5 50. Ke4 Kxg4 51. Kxe5 1/2-1/2

[Event "Int. Stuttgarter Stadtmeisterschaft B"]
[Site "Ditzingen"]
[Date "2012.05.18"]
[Round "3.33"]
[White "Gomer, Dieter"]
[Black "Steiert, Roland"]
[Result "1-0"]
[WhiteElo "1565"]
[BlackElo "1736"]
[PlyCount "103"]
[EventDate "2012.??.??"]
[WhiteTeam "SV Balingen"]
[BlackTeam "SC Umkirch 1969"]

1. d4 c5 2. e3 Nf6 3. Nf3 g6 4. c4 Bg7 5. Nc3 O-O 6. Bd3 d6 7. O-O Nbd7 8. e4
cxd4 9. Nxd4 Ne5 10. Be2 Bd7 11. f4 Nc6 12. Nf3 Ng4 13. Kh1 Qb6 14. Nd5 Qa5 15.
Bd2 Qd8 16. h3 Nh6 17. g4 Bxg4 18. hxg4 Nxg4 19. Ng5 Nh6 20. f5 Ne5 21. fxg6
hxg6 22. Qb3 e6 23. Nb4 Qe7 24. Nd3 Nc6 25. Nf3 a5 26. Rf2 Ng4 27. Rg2 Nd4 28.
Qd1 Nxf3 29. Rxg4 Nxd2 30. Qxd2 Kh7 31. Rg2 Rh8 32. Nf2 Bh6 33. Qc2 Kg7 34. Kg1
Bf4 35. Qc3+ e5 36. Rg4 g5 37. Nh3 Rxh3 38. Qxh3 Rh8 39. Qg2 Qf6 40. Qf3 b6 41.
Kf2 Rh2+ 42. Rg2 Rh4 43. Rag1 Rh3 44. Qxh3 Bg3+ 45. Ke3 Bf4+ 46. Kd3 b5 47. Kc2
Kf8 48. Qf5 Qd8 49. Bh5 f6 50. Qe6 Kg7 51. Qf7+ Kh8 52. Bg6 1-0

[Event "Int. Stuttgarter Stadtmeisterschaft B"]
[Site "Ditzingen"]
[Date "2012.05.18"]
[Round "3.35"]
[White "Sigmund, Wolfgang"]
[Black "Krämer, Heinz"]
[Result "1/2-1/2"]
[WhiteElo "1540"]
[BlackElo "1699"]
[PlyCount "84"]
[EventDate "2012.??.??"]
[WhiteTeam "SC Eberbach"]
[BlackTeam "Heilbronner SV"]

1. d4 f5 2. Bg5 g6 3. e3 Bg7 4. Nf3 Nf6 5. c4 d6 6. Nc3 O-O 7. Be2 Nbd7 8. Qc2
c6 9. Rd1 Qc7 10. Bf4 Re8 11. d5 c5 12. Ng5 Nf8 13. h4 h6 14. Nf3 N8h7 15. Bd3
e5 16. dxe6 Bxe6 17. O-O a6 18. e4 g5 19. hxg5 hxg5 20. Nxg5 Nxg5 21. Bxg5 fxe4
22. Nxe4 Nxe4 23. Bxe4 Be5 24. Bd5 Qg7 25. Qd2 Qg6 26. Bf4 Bd4 27. Rfe1 Bxd5
28. cxd5 Kf7 29. Bg3 b6 30. Qf4+ Kg8 31. Qxd6 Qxd6 32. Bxd6 Bxb2 33. Bc7 Bd4
34. d6 Rf8 35. Re2 Rf7 36. Rc1 Rc8 37. Rcc2 b5 38. Re7 Rxe7 39. dxe7 Kf7 40.
Bd6 Bf6 41. Re2 Re8 42. Re6 Bd4 1/2-1/2

[Event "Int. Stuttgarter Stadtmeisterschaft B"]
[Site "Ditzingen"]
[Date "2012.05.18"]
[Round "3.36"]
[White "Thren, Christian"]
[Black "Gheng, Hannelore"]
[Result "1/2-1/2"]
[WhiteElo "1518"]
[BlackElo "1691"]
[PlyCount "91"]
[EventDate "2012.??.??"]
[WhiteTeam "Heilbronner SV"]
[BlackTeam "SF Deizisau"]

1. c4 Nf6 2. Nc3 g6 3. g3 Bg7 4. Bg2 c6 5. d4 O-O 6. Nf3 d5 7. cxd5 cxd5 8. O-O
Nc6 9. Bf4 Nh5 10. Bg5 f6 11. Be3 e5 12. dxe5 Be6 13. exf6 Bxf6 14. Nd4 Nxd4
15. Bxd4 Qd7 16. Bxf6 Nxf6 17. Qd4 b6 18. Rfd1 Rad8 19. Rd2 Qf7 20. Rdd1 Ne4
21. Rf1 Nxc3 22. bxc3 Rc8 23. Rfd1 Rc4 24. Qe3 Qf6 25. Rd4 Rfc8 26. Bxd5 Bxd5
27. Rxd5 Rxc3 28. Qd4 Rc1+ 29. Rxc1 Rxc1+ 30. Kg2 Qc6 31. Qe4 Kg7 32. Re5 Qxe4+
33. Rxe4 Kf6 34. f4 b5 35. a4 a6 36. axb5 axb5 37. Rb4 Rc2 38. Kf3 Rc5 39. g4
Ke6 40. e3 Kd5 41. f5 gxf5 42. gxf5 Kc6 43. e4 Kd6 44. Kf4 h6 45. e5+ Rxe5 46.
f6 1/2-1/2

[Event "Int. Stuttgarter Stadtmeisterschaft B"]
[Site "Ditzingen"]
[Date "2012.05.18"]
[Round "3.37"]
[White "Gheng, Christian"]
[Black "Greth, Andreas"]
[Result "1-0"]
[WhiteElo "1686"]
[BlackElo "1388"]
[PlyCount "89"]
[EventDate "2012.??.??"]
[WhiteTeam "TSV Schönaich"]
[BlackTeam "SC Heitersheim"]

1. e4 c5 2. Nf3 e6 3. d4 cxd4 4. Nxd4 Nc6 5. Nc3 Nf6 6. Be3 Bb4 7. Nxc6 bxc6 8.
Bd3 O-O 9. Bg5 e5 10. O-O Be7 11. Kh1 d6 12. f4 Ng4 13. f5 Bxg5 14. Qxg4 g6 15.
Bc4 Kg7 16. Rad1 h5 17. Qf3 a5 18. Qd3 Be7 19. f6+ Bxf6 20. Qxd6 Bb7 21. Qd7
Qe7 22. Qxe7 Bxe7 23. Rd7 Ba6 24. Bxa6 Rxa6 25. Rxe7 a4 26. Rxe5 Rb8 27. b3
axb3 28. cxb3 Rb7 29. Na4 Raa7 30. Rc5 Re7 31. e5 Re6 32. h4 Rd7 33. Rf2 Rd4
34. g3 Re4 35. Rfc2 Re1+ 36. Kg2 R6xe5 37. Rxe5 Rxe5 38. Kf3 Re6 39. Nb6 Kf6
40. a4 Rd6 41. Rc3 Ke6 42. a5 f6 43. b4 Kf7 44. a6 g5 45. a7 1-0

[Event "Int. Stuttgarter Stadtmeisterschaft B"]
[Site "Ditzingen"]
[Date "2012.05.18"]
[Round "3.38"]
[White "Sieweck, Theodor"]
[Black "Boschmann, Werner"]
[Result "1-0"]
[WhiteElo "1411"]
[BlackElo "1686"]
[PlyCount "71"]
[EventDate "2012.??.??"]
[WhiteTeam "SV Rottweil"]
[BlackTeam "SC Widdern"]

1. e4 e5 2. Nf3 Nc6 3. Bc4 Nf6 4. Ng5 d5 5. exd5 Na5 6. Bb5+ c6 7. dxc6 bxc6 8.
Be2 h6 9. Nf3 e4 10. Ne5 Bd6 11. Ng4 O-O 12. Nc3 Re8 13. Nxf6+ Qxf6 14. d3 exd3
15. Qxd3 Bf5 16. Qf3 Nc4 17. O-O Ne5 18. Qg3 Ng6 19. Qf3 Nh4 20. Qh5 Bg6 21.
Qg4 Re5 22. Bf4 Rxe2 23. Nxe2 h5 24. Qg5 Be7 25. Qxf6 Bxf6 26. c3 Bd3 27. Rfe1
g5 28. Be3 Nf5 29. Nd4 Ne7 30. Rad1 Bg6 31. Nb3 Nd5 32. Bd4 Kg7 33. Bxf6+ Kxf6
34. Na5 Rb8 35. Nxc6 Rxb2 36. Rxd5 1-0

[Event "Int. Stuttgarter Stadtmeisterschaft B"]
[Site "Ditzingen"]
[Date "2012.05.18"]
[Round "3.39"]
[White "Malheur, Lothar"]
[Black "Weber, Sandra"]
[Result "0-1"]
[WhiteElo "1376"]
[BlackElo "1617"]
[PlyCount "50"]
[EventDate "2012.??.??"]
[WhiteTeam "SF Birkenfeld"]
[BlackTeam "SC Neckarsulm e.V."]

1. d4 Nf6 2. c4 g6 3. Nf3 Bg7 4. Qc2 d6 5. e4 Nbd7 6. Be2 O-O 7. O-O e5 8. d5
Qe8 9. Nc3 Nh5 10. Nb5 Qd8 11. Ng5 Nf4 12. Bxf4 exf4 13. Nf3 a6 14. Nbd4 Ne5
15. Rab1 Nxf3+ 16. Nxf3 g5 17. Rfd1 g4 18. Ne1 Qg5 19. Rd3 f5 20. e5 Bxe5 21.
c5 f3 22. Bxf3 Qh5 23. g3 gxf3 24. Rxf3 f4 25. Qe2 Bg4 0-1

[Event "Int. Stuttgarter Stadtmeisterschaft B"]
[Site "Ditzingen"]
[Date "2012.05.18"]
[Round "3.40"]
[White "Stadler, Marcus"]
[Black "Mayer, Markus"]
[Result "0-1"]
[WhiteElo "1856"]
[BlackElo "1599"]
[PlyCount "84"]
[EventDate "2012.??.??"]
[WhiteTeam "Stuttgarter SF 1879"]
[BlackTeam "SC Erdmannhausen"]

1. e4 e6 2. d4 d5 3. Nd2 c5 4. exd5 exd5 5. Ngf3 Nf6 6. Bb5+ Nc6 7. O-O a6 8.
Bxc6+ bxc6 9. Re1+ Be6 10. Ng5 Qd7 11. f4 O-O-O 12. Ndf3 Bg4 13. h3 Bh5 14. Qd3
c4 15. Qc3 Bxf3 16. Nxf3 Ne4 17. Qa5 Qb7 18. b3 Bb4 19. Qa4 Nc3 20. Qxb4 Qxb4
21. Bd2 Rhe8 22. a3 Rxe1+ 23. Bxe1 Ne2+ 24. Kf2 Qe7 25. Bb4 Qe4 26. Re1 Qxc2
27. Rxe2 Qxb3 28. Re3 Qc2+ 29. Kg3 Qg6+ 30. Kf2 Qc2+ 31. Kg3 Qg6+ 32. Kf2 f6
33. Nh4 Qh5 34. Nf3 Re8 35. Rc3 Re4 36. Bd6 Qe8 37. Rc2 Qe6 38. Bc5 Rxf4 39.
Rb2 g5 40. Rb6 c3 41. Bb4 h5 42. Kg1 g4 0-1

[Event "Int. Stuttgarter Stadtmeisterschaft B"]
[Site "Ditzingen"]
[Date "2012.05.18"]
[Round "3.41"]
[White "Zeitler, Waldemar"]
[Black "Rieder, Josef"]
[Result "0-1"]
[WhiteElo "1596"]
[BlackElo "1824"]
[PlyCount "100"]
[EventDate "2012.??.??"]
[WhiteTeam "SC Gross-Sachsenheim"]
[BlackTeam "Stuttgarter SF 1879"]

1. d4 e6 2. f4 c5 3. e3 cxd4 4. exd4 Nf6 5. Nf3 Be7 6. Bd3 b6 7. O-O Ba6 8.
Bxa6 Nxa6 9. c3 Nc7 10. Nbd2 O-O 11. Ne5 Ncd5 12. Qf3 Rc8 13. Ne4 Nxe4 14. Qxe4
Nf6 15. Qf3 d6 16. Ng4 Qd7 17. Nxf6+ Bxf6 18. Be3 Qb5 19. Rab1 Rc7 20. Qd1 g6
21. g4 Qd5 22. g5 Bg7 23. a3 Qe4 24. Qf3 Qf5 25. Rbe1 f6 26. Qg3 Rcf7 27. Rf2
Qb5 28. Ref1 f5 29. Qf3 e5 30. Qe2 Qxe2 31. Rxe2 e4 32. d5 Rc8 33. a4 Rb7 34.
Ra1 a5 35. Ra3 b5 36. axb5 Rxb5 37. Rd2 Rc4 38. Kf2 a4 39. Ke2 h6 40. h4 hxg5
41. hxg5 Kf7 42. Kd1 Rb3 43. Bd4 Rxa3 44. bxa3 Bxd4 45. Rxd4 Rxd4+ 46. cxd4 Ke7
47. Kc2 Kd7 48. Kc3 Kc7 49. Kc4 Kb6 50. Kb4 Ka6 0-1

[Event "Int. Stuttgarter Stadtmeisterschaft B"]
[Site "Ditzingen"]
[Date "2012.05.18"]
[Round "3.42"]
[White "Blum, Michael"]
[Black "Schmitz, Harald"]
[Result "0-1"]
[WhiteElo "1576"]
[BlackElo "1733"]
[PlyCount "48"]
[EventDate "2012.??.??"]
[WhiteTeam "SC Aidlingen"]
[BlackTeam "SG Fasanenhof"]

1. e4 e6 2. d4 d5 3. Nc3 Bb4 4. Nf3 dxe4 5. Ng5 Nf6 6. a3 Bxc3+ 7. bxc3 h6 8.
Nh3 c5 9. Be3 cxd4 10. Bxd4 O-O 11. Bc4 Nc6 12. O-O Nxd4 13. cxd4 Qc7 14. Be2
Bd7 15. f3 Bc6 16. a4 Rfd8 17. c4 Qb6 18. fxe4 Bxe4 19. a5 Qxd4+ 20. Qxd4 Rxd4
21. Nf2 Bc6 22. Rab1 Rad8 23. Rfc1 Rd2 24. Ra1 Rxe2 0-1

[Event "Int. Stuttgarter Stadtmeisterschaft B"]
[Site "Ditzingen"]
[Date "2012.05.18"]
[Round "3.43"]
[White "Kuhn, Magnus"]
[Black "Giugno, Carmelo"]
[Result "1-0"]
[WhiteElo "1658"]
[BlackElo "1511"]
[PlyCount "127"]
[EventDate "2012.??.??"]
[WhiteTeam "TSV Münchingen"]
[BlackTeam "Stuttgarter SF 1879"]

1. e4 e6 2. d4 d5 3. e5 c5 4. c3 Nc6 5. Nf3 Qb6 6. Be2 cxd4 7. cxd4 Bb4+ 8. Nc3
Nge7 9. a3 Bxc3+ 10. bxc3 a5 11. Bd2 a4 12. Rb1 Qa7 13. O-O Bd7 14. Rb2 Na5 15.
Qb1 O-O 16. Bd1 b5 17. Be2 Nc4 18. Bxc4 dxc4 19. Ng5 Ng6 20. Ne4 Rab8 21. Nd6
Nh4 22. Rb4 Qa8 23. f3 Qd5 24. Nxc4 Ng6 25. Nd6 Nxe5 26. dxe5 Qxd2 27. Nxb5
Qe3+ 28. Kh1 Qxe5 29. c4 Qf4 30. g3 Qe3 31. Qc1 Qe2 32. Qd1 Qxd1 33. Rxd1 Rbd8
34. Kg2 Bc6 35. Rd6 Rxd6 36. Nxd6 Rd8 37. c5 h5 38. Rb6 Bd5 39. c6 Bxc6 40.
Rxc6 Rd7 41. Kf2 Kf8 42. Ke3 Ke7 43. Ne4 Rb7 44. Nc5 Rb1 45. Nxa4 Rh1 46. h4
Rg1 47. Kf2 Rd1 48. Rc7+ Kf6 49. Nc3 Rd2+ 50. Ke3 Rg2 51. a4 Kg6 52. Ne2 Kf6
53. Rc1 g5 54. hxg5+ Kxg5 55. a5 h4 56. a6 h3 57. a7 f5 58. a8=Q f4+ 59. gxf4+
Kf5 60. Qe4+ Kf6 61. Qe5+ Ke7 62. Rc7+ Kf8 63. Qf6+ Kg8 64. Qd8# 1-0

[Event "Int. Stuttgarter Stadtmeisterschaft B"]
[Site "Ditzingen"]
[Date "2012.05.18"]
[Round "3.44"]
[White "Grüneschild, Hildegard"]
[Black "Wübbens, Carsten"]
[Result "0-1"]
[WhiteElo "1613"]
[BlackElo "1415"]
[PlyCount "68"]
[EventDate "2012.??.??"]
[WhiteTeam "Schach-Union München e.V."]
[BlackTeam "SF Freiberg"]

1. c4 e5 2. Nc3 Nc6 3. g3 Nf6 4. Bg2 Be7 5. d3 O-O 6. Nf3 d6 7. O-O h6 8. Bd2
Be6 9. h3 Qd7 10. Kh2 Kh8 11. Rb1 a6 12. e4 Rg8 13. Nd5 g5 14. Nxe7 Nxe7 15.
Be3 g4 16. Nh4 gxh3 17. Bf3 Bg4 18. Bxh6 Bxf3 19. Qxf3 Ng4+ 20. Kh1 Nxh6 21.
Qf6+ Kh7 22. Kh2 Ng4+ 23. Kxh3 Nxf6+ 24. Nf5 Nxf5 25. exf5 Qxf5+ 26. Kg2 Rg5
27. Rh1+ Kg7 28. Rh4 Rh8 29. Rxh8 Kxh8 30. Rh1+ Rh5 31. Rd1 Ng4 32. Rd2 Rh2+
33. Kg1 Qf3 34. Kf1 Rh1# 0-1

[Event "Int. Stuttgarter Stadtmeisterschaft B"]
[Site "Ditzingen"]
[Date "2012.05.18"]
[Round "3.45"]
[White "Su, Jahn"]
[Black "Awiszus, Thomas"]
[Result "1-0"]
[WhiteElo "1545"]
[BlackElo "1610"]
[PlyCount "68"]
[EventDate "2012.??.??"]
[WhiteTeam "Spvgg Böblingen"]
[BlackTeam "SK Schmiden/Cannstatt"]

1. e4 d5 2. exd5 Qxd5 3. Nc3 Qa5 4. d4 c6 5. Nf3 Bf5 6. Bd3 Bxd3 7. Qxd3 Nf6 8.
O-O e6 9. Bg5 Nbd7 10. Rfe1 Be7 11. Re2 O-O 12. Ne4 Rfe8 13. c3 Nxe4 14. b4 Qc7
15. Qxe4 Nf6 16. Bxf6 Bxf6 17. Ne5 a6 18. f4 Red8 19. Re3 g6 20. g4 Kg7 21. g5
Be7 22. h4 a5 23. h5 axb4 24. hxg6 hxg6 25. Rh3 Rh8 26. Rh6 Rxh6 27. gxh6+ Kxh6
28. Nxf7+ Kg7 29. Ne5 Bd6 30. Qxg6+ Kf8 31. Qf6+ Kg8 32. Kf2 Bf8 33. Rg1+ Bg7
34. Qxe6+ Kf8 1-0